| 000 | 02499nam a22003497a 4500 | ||
|---|---|---|---|
| 001 | 16552596 | ||
| 003 | OSt | ||
| 005 | 20170518103136.0 | ||
| 008 | 170303b xxu||||| |||| 00| 0 eng d | ||
| 010 | _a 2010048910 | ||
| 020 | _a9780804773317 (alk. paper) | ||
| 020 | _a0804773319 (alk. paper) | ||
| 035 | _a(OCoLC)ocn688559468 | ||
| 040 |
_aMMU _cMMU _dMMU _dMMU _dMMU _dMMU _dMMU _dMMU _beng |
||
| 043 | _aae----- | ||
| 050 | 0 | 0 |
_aDS518.1 _b.C588 2011 |
| 082 | 0 | 0 |
_a950.4/2 _222 |
| 245 | 0 | 4 |
_aThe Cold War in East Asia, 1945-1991 / _cedited by Tsuyoshi Hasegawa. |
| 260 |
_aWashington, D.C. : _bWoodrow Wilson Center Press ; _aStanford, Calif. : _bStanford University Press, _cc2011. |
||
| 300 |
_axi, 340 p. ; _c24 cm. |
||
| 490 | 1 | _aCold War International History Project series | |
| 504 | _aIncludes bibliographical references and index. | ||
| 505 | 0 | _aIntroduction: East Asia-the second significant front of the Cold War / Tsuyoshi Hasegawa -- Struggles for modernity: the Golden years of the Sino-Soviet alliance / Odd Arne Westad -- The second front of the Soviet Cold War: Asia in the system of Moscow's foreign policy priorities, 1945-1956 / Ilya V. Gaiduk -- Reorienting the Cold War: the implications of China's early Cold War experience, taking Korea as a central test case / Chen Jian -- Military occupation and empire building in Cold War Asia: the United States and Korea, 1945-1955 / Steven Hugh Lee -- Kim Il Sung's balancing act between Moscow and Beijing, 1956-1972 / Nobuo Shimotomai -- Chinese foreign policy, 1960-1979 / Lorenz Lüthi -- Japan's foreign policy under détente: relations with China and the Soviet Union, 1971-1973 / Kazuhiko Togo -- A strategic quadrangle: the superpowers and the Sino-Japanese Treaty of Peace and Friendship, 1977-1978 / Tsuyoshi Hasegawa -- Korea's great divergence: North and South Korea between 1972 and 1987 / Gregg Brazinsky -- Gorbachev's policy toward East Asia, 1985-1991 / Vladislav Zubok -- Inertia and change: Soviet policy toward Korea, 1985-1991 / Sergey Radchenko. | |
| 650 | 0 | _aCold War. | |
| 651 | 0 |
_aEast Asia _xPolitics and government _y20th century. |
|
| 700 | 1 |
_aHasegawa, Tsuyoshi, _d1941- |
|
| 830 | 0 | _aCold War International History Project series. | |
| 856 | 4 | 2 |
_3Book review (H-Net) _uhttp://www.h-net.org/reviews/showrev.php?id=40847 |
| 906 |
_a7 _bcbc _corignew _d1 _eecip _f20 _gy-gencatlg |
||
| 942 |
_2lcc _cLOAN LOAN |
||
| 999 |
_c24058 _d24058 |
||